000 00983nam a2200301Ia 4500
003 OSt
005 20221007122411.0
006 a|||||r|||| 00| 0
007 ta
008 221006b |||||||| |||| 00| 0 eng d
020 _a354021206X (pbk)
024 _a83324
037 _b1690, 23/01/2009, New India Book Agency
_cTextbook
040 _aPAPL
_cPAPL
_beng
041 _2eng
_aeng
082 _aC9B3, M0 Carpa
100 _aRing Peter
_9714221
245 0 _aNuclear many-body problem
_b Schuck Peter
260 _aBerlin
_bSpringer
_c1980
300 _axvii, 716p.
_ccm.
490 _aTexts and monographs in physics
500 _aAppendix A-F, 575-642p.; Bibliography 643-679p.; Index 681-716p.
650 _a Nuclear physics
_9543687
650 _aPhysics
700 _a Schuck Peter
_9714222
942 _hC9B3, M0 Carpa
_cTB
_2CC
999 _c1210282
_d1210282